[Event "Chennai Murali Mohan Memorial 2nd"]
[Site "Chennai"]
[Date "2023.07.15"]
[Round "2"]
[White "John Veny, Akkarakarn"]
[Black "Thejesh, G."]
[Result "1-0"]
[WhiteElo "2075"]
[BlackElo "1210"]
[PlyCount "105"]
[EventDate "2023.07.15"]
[EventType "swiss (rapid)"]
[EventRounds "9"]
[EventCountry "IND"]
[SourceTitle "CBM 215 Extra"]
[Source "ChessBase"]
[SourceDate "2023.09.30"]
[SourceVersion "1"]
[SourceVersionDate "2023.09.30"]
[SourceQuality "1"]

1. e4 c5 2. Nf3 Nc6 3. d4 cxd4 4. Nxd4 g6 5. c4 Bg7 6. Be3 Nf6 7. Nc3 Ng4 8. Qxg4 Nxd4 9. Qd1 Nc6 10. Rc1 d6 11. Be2 0-0 12. 0-0 e5 13. Qd2 a6 14. Rfd1 Nd4 15. b3 f5 16. exf5 gxf5 17. Bxd4 exd4 18. Nd5 Qh4 19. g3 Qh6 20. Qxh6 Bxh6 21. f4 Bg7 22. Bf3 Rb8 23. Re1 Bd7 24. Nb6 Be8 25. Rcd1 Bf6 26. Re6 Rd8 27. Bxb7 Bh5 28. Rd2 Kg7 29. Nd5 Bf3 30. Nxf6 Bxb7 31. Nd5 Bxd5 32. cxd5 Rfe8 33. Rxe8 Rxe8 34. Rxd4 Kf6 35. Kf2 Re4 36. Rxe4 fxe4 37. Ke3 Kf5 38. h3 h5 39. b4 h4 40. g4+ Kf6 41. a4 Ke7 42. g5 Kf7 43. b5 axb5 44. axb5 Kg6 45. b6 Kf5 46. b7 Kg6 47. b8Q Kf5 48. Qf8+ Kg6 49. Kxe4 Kh7 50. Qe7+ Kg6 51. f5+ Kh5 52. Qh7+ Kxg5 53. Qg6# 1-0